[Event "Wch Blitz"]
[Site "Warsaw"]
[Date "2021.12.29"]
[Round "3"]
[White "Amin, Bassem"]
[Black "Nguyen, Thai Dai Van"]
[Result "1-0"]
[WhiteElo "2680"]
[BlackElo "2609"]
[PlyCount "104"]
[EventDate "2021.12.29"]
[EventType "swiss (blitz)"]
[EventRounds "21"]
[EventCountry "POL"]
[SourceTitle "CBM 205 Extra"]
[Source "ChessBase"]
[SourceDate "2022.01.31"]
[SourceVersion "1"]
[SourceVersionDate "2022.01.31"]
[SourceQuality "1"]

1. Nf3 d5 2. g3 Nf6 3. Bg2 e6 4. O-O Be7 5. d3 O-O 6. Nbd2 Nc6 7. e4 dxe4 8. dxe4 e5 9. Nc4 Nxe4 10. Nfxe5 Nxe5 11. Nxe5 Qxd1 12. Rxd1 Nd6 ({RR} 12... Nf6 13. Nc4 c6 14. c3 Nd5 15. Bxd5 cxd5 16. Ne3 Bc5 17. Nxd5 Bg4 18. Re1 Rfd8 19. c4 Bf3 20. Bg5 Rd7 21. Be3 Bf8 22. a4 h6 23. Rac1 b6 24. Bd2 Bxd5 25. cxd5 Rxd5 26. Be3 b5 27. axb5 {Giri,A (2798)-Aronian,L (2784) Skopje 2015 ½-½ (40)}) 13. a4 ({RR} 13. Be3 Bf5 14. c3 Rfd8 15. a4 a5 16. h4 f6 17. Nf3 Nc4 18. Nd4 Bc8 19. Bf4 c6 20. Bf1 Ne5 21. Bxe5 fxe5 22. Bc4+ Kf8 23. Nc2 Bg4 24. Rxd8+ Rxd8 25. Ne3 Bc8 26. Rd1 Rxd1+ 27. Nxd1 Bc5 {Fiorito,F (2431)-Cavalcante,A (2002) chess.com INT 2025 ½-½ (48)}) 13... Bf6 ({RR} 13... Bf5 14. Nd3 Rad8 15. a5 Bf6 16. Bf4 g5 17. Be5 Bxe5 18. Nxe5 Rfe8 19. Nf3 g4 20. Nd4 Bg6 21. b4 Ne4 22. Bxe4 Bxe4 23. c3 a6 24. Re1 f5 25. Re3 Kf7 26. Rae1 Kf6 27. Nb3 Bc6 28. Rxe8 {Amin,B (2703)-Bacrot,E (2678) Krasnaya Polyana 2021 ½-½ (31)}) 14. Nd3 Rd8 $146 ({RR} 14... Bg4 15. Re1 Rae8 16. Bf4 Nc4 17. Bxc7 Rc8 18. Be5 Nxe5 19. Nxe5 Bxe5 20. Rxe5 Rxc2 21. b4 Rc7 22. Rae1 Be6 23. a5 g6 24. h4 Rd8 25. Bf3 Kg7 26. Kg2 Rd4 27. Rb5 Bd7 28. Rxb7 Rxb7 29. Bxb7 {Amin,B (2684)-Suleymanli,A (2586) chess.com INT 2023 ½-½}) 15. a5 Bg4 16. Re1 a6 17. Bf4 Rab8 18. Be5 Bxe5 19. Nxe5 Be6 20. Rad1 Kf8 21. h4 f6 22. Nd3 Bf5 23. Nc5 Nc4 24. Rxd8+ Rxd8 25. Nxb7 Rd2 26. b3 Ne5 27. Nc5 Rxc2 28. Nxa6 Nd3 29. Ra1 Rb2 30. Nxc7 Bc8 31. a6 Bxa6 32. Nxa6 Nxf2 33. Nc5 Ng4 34. Be4 Ke7 35. Rb1 Rd2 36. b4 Kd6 37. Bf5 Rd4 38. Ne4+ Kc7 39. Bxg4 Rxe4 40. Bf5 Re7 41. Bxh7 Kb6 42. h5 Re5 43. g4 Re2 44. Bf5 Re7 45. Kf2 Kb5 46. Kf3 Ra7 47. Bd3+ Kc6 48. Rc1+ Kd5 49. b5 Kd4 50. Bf5 Ra3+ 51. Kg2 Rb3 52. Rb1 Kd5 1-0

[Event "Wch Blitz"]
[Site "Warsaw"]
[Date "2021.12.29"]
[Round "4"]
[White "Teclaf, Pawel"]
[Black "Erdos, Viktor"]
[Result "1-0"]
[WhiteElo "2542"]
[BlackElo "2615"]
[PlyCount "75"]
[EventDate "2021.12.29"]
[EventType "swiss (blitz)"]
[EventRounds "21"]
[EventCountry "POL"]
[SourceTitle "CBM 205 Extra"]
[Source "ChessBase"]
[SourceDate "2022.01.31"]
[SourceVersion "1"]
[SourceVersionDate "2022.01.31"]
[SourceQuality "1"]

1. c4 g6 2. g3 Bg7 3. Bg2 c6 4. Nf3 d5 5. O-O e5 6. d3 Ne7 7. Qc2 ({RR} 7. e4 dxe4 8. dxe4 Qxd1 9. Rxd1 Be6 10. b3 f6 11. Nc3 Kf7 12. Ne1 Na6 13. Nd3 Rhd8 14. Be3 Rd7 15. Rd2 Rad8 16. Rad1 h5 17. h3 b6 18. f4 Bh6 19. Kf1 h4 20. gxh4 exf4 21. Nxf4 Rxd2 {Rapport,R (2752)-Hammer,J (2625) Ulcinj 2019 1-0 (53)}) 7... O-O 8. Rd1 $146 ({RR} 8. Nc3 h6 9. Rb1 Be6 10. Nd2 d4 11. Na4 Nd7 12. b4 Qc7 13. Nc5 Nxc5 14. bxc5 f5 15. a4 Rae8 16. Nb3 g5 17. Bd2 Ng6 18. Na5 Bc8 19. Rb2 Qf7 20. Rfb1 Re7 21. Rb3 e4 22. Be1 Rfe8 {Zupancic,J (2160)-Tratar,M (2499) Ljubljana 2012 0-1 (35)}) ({RR} 8. Nc3 a6 9. Bg5 f6 10. Bd2 Be6 11. e4 d4 12. Ne2 c5 13. Ne1 g5 14. f4 gxf4 15. gxf4 exf4 16. Nxf4 Bf7 17. Rf3 Nbc6 18. Rg3 Ne5 19. Nf3 N7c6 20. Nh4 Ng6 21. Nf5 Nce5 22. Nh5 {1-0 (22) Antoniou,R (2060)-Ivanov,A (2068) chess.com INT 2024}) 8... h6 9. Nc3 Be6 10. b3 Nd7 11. Ba3 Re8 12. cxd5 cxd5 13. Rac1 Rc8 14. Qd2 Qa5 15. Bxe7 d4 16. Na4 Qxd2 17. Nxd2 Rxc1 18. Rxc1 Rxe7 19. Bxb7 Nb6 20. Nxb6 Rxb7 21. Na4 Bf8 22. Ne4 Be7 23. Kf1 Bd5 24. Rc8+ Kg7 25. Nec5 Rb5 26. Rc7 Bf8 27. Nd7 Bd6 28. Rxa7 e4 29. Ra6 Be7 30. Ne5 exd3 31. Nxd3 Rb8 32. Ra5 Be6 33. Ra7 Bd6 34. Ra6 Bf8 35. Rc6 Bd5 36. Rc2 Be4 37. Nac5 Ra8 38. Nxe4 1-0

[Event "Wch Blitz"]
[Site "Warsaw"]
[Date "2021.12.29"]
[Round "5"]
[White "Amin, Bassem"]
[Black "Riazantsev, Alexander"]
[Result "1-0"]
[WhiteElo "2680"]
[BlackElo "2634"]
[PlyCount "84"]
[EventDate "2021.12.29"]
[EventType "swiss (blitz)"]
[EventRounds "21"]
[EventCountry "POL"]
[SourceTitle "CBM 205 Extra"]
[Source "ChessBase"]
[SourceDate "2022.01.31"]
[SourceVersion "1"]
[SourceVersionDate "2022.01.31"]
[SourceQuality "1"]

1. Nf3 d5 2. g3 Nd7 3. Bg2 e5 4. d3 Ngf6 5. O-O c6 6. e4 Bd6 7. exd5 ({RR} 7. Nh4 O-O 8. Nf5 Bc7 9. Qf3 Nc5 10. Nc3 dxe4 11. dxe4 Ne6 12. Ne2 Bb6 13. b3 Re8 14. h4 g6 15. Nh6+ Kg7 16. Bg5 Qe7 17. Bxf6+ Qxf6 18. Qxf6+ Kxf6 19. Ng4+ Kg7 20. Rad1 Nf4 21. Bf3 h5 {Zagorskis,D (2469)-Riazantsev,A (2671) Tallinn 2016 0-1}) 7... cxd5 8. c4 d4 ({RR} 8... O-O 9. Nc3 d4 10. Nb5 Be7 11. Re1 a6 12. Na3 Bb4 13. Bd2 Bxa3 14. bxa3 Re8 15. Bb4 Qc7 16. a4 a5 17. Ba3 Nc5 18. Rb1 Bf5 19. Bxc5 Qxc5 20. Rb5 Qa3 21. Nxe5 Qxa2 22. Bxb7 Rad8 23. Nxf7 {Jimenez Garcia,E (2370)-Subelj,J (2514) chess.com INT 2024 0-1}) 9. b4 $146 ({RR} 9. a3 a5 10. Bg5 O-O 11. Nbd2 Nc5 12. Nb3 Ne6 13. Bxf6 Qxf6 14. Nfd2 Qd8 15. Re1 a4 16. Nc1 Nc5 17. Ne4 Nxe4 18. Bxe4 Re8 19. Na2 Qb6 20. Qd2 Qa5 21. Qe2 Rb8 22. Rab1 Be6 23. Rec1 b5 {Mamedov,R (2651)-Subelj,J (2512) Zagreb CRO 2023 ½-½ (61)}) 9... Bxb4 10. Nxe5 O-O 11. Nxd7 Nxd7 12. Na3 Nc5 13. Rb1 a5 14. Nb5 Bf5 15. a3 Bc3 16. Nxc3 dxc3 17. Rb5 c2 18. Qd2 Bxd3 19. Rxc5 Bxf1 20. Kxf1 Qxd2 21. Bxd2 Rac8 22. Rxc8 Rxc8 23. Bd5 b5 24. Ke2 bxc4 25. Be4 Re8 26. Kf3 f5 27. Bxc2 c3 28. Bxc3 g6 29. Bxa5 Kf7 30. Bb4 Rb8 31. h4 Kf6 32. Ke3 h6 33. Bd3 g5 34. hxg5+ hxg5 35. Kd4 Rd8+ 36. Kc4 Rc8+ 37. Bc5 Ke5 38. a4 Ra8 39. Kb4 Rd8 40. Bc4 Rb8+ 41. Bb5 Kd5 42. Be3 Rg8 1-0

[Event "Wch Blitz"]
[Site "Warsaw"]
[Date "2021.12.29"]
[Round "5"]
[White "Artemiev, Vladislav"]
[Black "Saric, Ivan"]
[Result "1-0"]
[WhiteElo "2700"]
[BlackElo "2669"]
[PlyCount "101"]
[EventDate "2021.12.29"]
[EventType "swiss (blitz)"]
[EventRounds "21"]
[EventCountry "POL"]
[SourceTitle "CBM 205 Extra"]
[Source "ChessBase"]
[SourceDate "2022.01.31"]
[SourceVersion "1"]
[SourceVersionDate "2022.01.31"]
[SourceQuality "1"]

1. Nf3 Nf6 2. g3 d5 3. Bg2 g6 4. c4 dxc4 5. Qa4+ Nfd7 6. Qxc4 Bg7 7. O-O O-O 8. d3 Nc6 9. Nc3 Nb6 10. Qh4 e5 ({RR} 10... a5 11. Bh6 f6 12. Bxg7 Kxg7 13. d4 Nb4 14. Rfd1 c6 15. Qf4 a4 16. e4 Nc4 17. Qc1 a3 18. bxa3 Nxa3 19. Qb2 {½-½ (19) Dunnington,A (2256)-Urh,Z (2256) Darlington ENG 2024}) 11. Qxd8 Rxd8 12. Bd2 $146 ({RR} 12. a4 Nb4 13. a5 N6d5 14. Bd2 c6 15. Rfc1 Na6 16. Na4 h6 17. Be1 Ndc7 18. Nd2 Nb5 19. Kf1 Nd4 20. e3 Ne6 21. Ke2 Nec7 22. h3 Be6 23. Ne4 Bd5 24. Bf1 Ne6 25. Bc3 c5 26. f3 Bc6 {Zhao,Z (2533)-Smirnov,A (2529) Gold Coast 2018 0-1 (102)}) ({RR} 12. Bg5 f6 13. Be3 Nd4 14. Rfc1 c6 15. Kf1 f5 16. Nd2 Be6 17. f4 exf4 18. Bxf4 Bf7 19. Kf2 Ne6 20. Be3 g5 21. Nf3 h6 22. h4 Bf6 23. hxg5 hxg5 24. a4 Nd5 25. Nxd5 Rxd5 26. Rab1 a5 {Andersen,M (2587)-Saric,I (2646) Chess.com INT 2020 ½-½ (45)}) 12... Nd4 13. Rfc1 c6 14. Kf1 Bg4 15. Nxd4 exd4 16. Ne4 Nd5 17. h3 Bf5 18. g4 Bc8 19. Rc4 f5 20. gxf5 Bxf5 21. Nc5 b6 22. Nb7 Rd7 23. Rxc6 Rf8 24. Rd6 Rxd6 25. Nxd6 Be6 26. Ke1 Nf4 27. Bxf4 Rxf4 28. Rc1 Bf8 29. Ne4 Bb4+ 30. Kf1 Bxa2 31. Ra1 Bd5 32. Rxa7 Bxe4 33. Bxe4 Bc5 34. Rd7 Rf6 35. Kg2 Rd6 36. Ra7 Rf6 37. Bd5+ Kh8 38. Ra4 Kg7 39. Rc4 Rf5 40. Be4 Rg5+ 41. Kf1 b5 42. Rc1 Rh5 43. Bf3 Rg5 44. Ra1 h5 45. Ra5 b4 46. Be4 Be7 47. Ra7 Kf7 48. Ra6 Bc5 49. Rc6 h4 50. f4 Rh5 51. Bxg6+ 1-0

[Event "Wch Blitz"]
[Site "Warsaw"]
[Date "2021.12.29"]
[Round "5"]
[White "Puranik, Abhimanyu Sameer"]
[Black "Aronian, Levon"]
[Result "1-0"]
[WhiteElo "2604"]
[BlackElo "2772"]
[PlyCount "111"]
[EventDate "2021.12.29"]
[EventType "swiss (blitz)"]
[EventRounds "21"]
[EventCountry "POL"]
[SourceTitle "CBM 205 Extra"]
[Source "ChessBase"]
[SourceDate "2022.01.31"]
[SourceVersion "1"]
[SourceVersionDate "2022.01.31"]
[SourceQuality "1"]

1. Nf3 d5 2. c4 d4 3. b4 c5 4. bxc5 Nc6 5. g3 e5 6. d3 Nf6 ({RR} 6... Bxc5 7. Bg2 Nf6 8. O-O O-O 9. Ba3 Bxa3 10. Nxa3 Qe7 11. Nc2 Rd8 12. Nd2 Bf5 13. Rb1 e4 14. Nxe4 Nxe4 15. dxe4 Bxe4 16. Bxe4 Qxe4 17. Qd3 Qe7 18. Rb5 Rd7 19. Rd5 Rad8 20. Nxd4 Rxd5 21. cxd5 {Svidler,P (2723)-Giri,A (2764) chess24.com INT 2020 ½-½}) ({RR} 6... Bxc5 7. Bg2 Nf6 8. O-O h6 9. Nfd2 O-O 10. Nb3 Bd6 11. Ba3 Bf5 12. Bxd6 Qxd6 13. N1d2 Rad8 14. a4 Rfe8 15. c5 Qd7 16. Nc4 Bh3 17. Nd6 Re7 18. Nd2 Bxg2 19. Kxg2 Nd5 20. Qb3 Nc3 21. e4 {Puranik,A (2604)-Hovhannisyan,R (2643) Warsaw 2021 1-0 (41)}) 7. Bg2 Nd7 ({RR} 7... Bxc5 8. O-O O-O 9. Bg5 h6 10. Bxf6 Qxf6 11. Nfd2 Qe7 12. Nb3 Bb4 13. a3 Bd6 14. Qc1 Be6 15. N1d2 f5 16. c5 Bc7 17. Nc4 Rad8 18. Rb1 Qf7 19. Nbd2 Bb8 20. Qb2 Rd7 21. Bxc6 bxc6 22. Qxb8 {Puranik,A (2635)-Kanyamarala,T (2243) chess.com INT 2024 1-0 (35)}) 8. O-O Nxc5 9. Nfd2 $146 ({RR} 9. Nbd2 Be7 10. Nb3 Ne6 11. e3 a5 12. exd4 exd4 13. a3 a4 14. Nbd2 Nc5 15. Qc2 Bf5 16. Ne1 O-O 17. Rb1 Na5 18. Ne4 Ncb3 19. Qb2 Qd7 20. Nc2 Rad8 21. Nb4 b5 22. c5 Nxc5 23. Nxc5 Bxc5 {Karthik,R (2302)-Nakamura,H (2768) chess.com INT 2023 0-1}) 9... Bg4 10. Ba3 Qd7 11. Ne4 Nxe4 12. Bxe4 h5 13. Bxf8 Kxf8 14. Nd2 h4 15. Rb1 Rc8 16. Nf3 Bh3 17. Re1 hxg3 18. fxg3 Rh6 19. Rb5 f6 20. Qb3 b6 21. c5 f5 22. Bxc6 Qxc6 23. cxb6 axb6 24. Rxe5 Qc3 25. Qd5 Rf6 26. Qxd4 Qxd4+ 27. Nxd4 Rd6 28. Nxf5 Rf6 29. Nd4 Kg8 30. Nf3 Rc2 31. Ng5 Bd7 32. Rd5 Rc7 33. e4 Rf8 34. e5 Bc6 35. Rc1 Bxd5 36. Rxc7 Bxa2 37. Rb7 Rd8 38. Rxb6 Kf8 39. Rd6 Rb8 40. h4 Rb2 41. Rd8+ Ke7 42. Ra8 Bd5 43. Ra7+ Ke8 44. Rxg7 Rg2+ 45. Kf1 Rxg3 46. h5 Rxd3 47. h6 Bc4 48. Kf2 Rd2+ 49. Ke3 Rh2 50. h7 Kf8 51. Rc7 Bd5 52. e6 Rh6 53. Rc8+ Kg7 54. Rg8+ Kf6 55. h8=Q+ Rxh8 56. Rxh8 1-0

[Event "Wch Blitz"]
[Site "Warsaw"]
[Date "2021.12.29"]
[Round "7"]
[White "Demidov, Mikhail"]
[Black "Asadli, Vugar Afgan Oglu"]
[Result "1-0"]
[WhiteElo "2556"]
[BlackElo "2579"]
[PlyCount "163"]
[EventDate "2021.12.29"]
[EventType "swiss (blitz)"]
[EventRounds "21"]
[EventCountry "POL"]
[SourceTitle "CBM 205 Extra"]
[Source "ChessBase"]
[SourceDate "2022.01.31"]
[SourceVersion "1"]
[SourceVersionDate "2022.01.31"]
[SourceQuality "1"]

1. Nf3 g6 2. g3 Bg7 3. Bg2 e5 4. d3 Ne7 5. O-O O-O 6. c4 c6 7. Nc3 d5 8. cxd5 cxd5 9. Bg5 ({RR} 9. e4 d4 10. Ne2 Nbc6 11. Ne1 f5 12. Nc2 fxe4 13. Bxe4 Bh3 14. Bg2 Bxg2 15. Kxg2 Rf5 16. g4 Rf7 17. Ng3 Nd5 18. Ne4 Nf4+ 19. Bxf4 Rxf4 20. b4 Ne7 21. Na3 Nd5 22. Nc4 Qh4 23. f3 b5 {Balaji,A (2211)-Demidov,M (2562) Chess.com INT 2022 0-1}) 9... Nbc6 10. Qd2 $146 ({RR} 10. Nd2 Be6 11. Nb3 f6 12. Bd2 Bf7 13. Rc1 Nf5 14. e3 d4 15. exd4 Nfxd4 16. Nxd4 Nxd4 17. b3 Qd7 18. Be3 Rad8 19. Ne4 b6 20. Qd2 Bd5 21. Bxd4 Bxe4 22. Bxb6 Bxg2 23. Bxd8 Bxf1 24. Bxf6 Rxf6 {Senthilkumar,P (1854)-Alfaro,W (2088) chess.com INT 2024 0-1 (32)}) 10... Be6 11. Rfc1 Qd7 12. Bh6 f6 13. Bxg7 Kxg7 14. e3 Rac8 15. Na4 b6 16. Nc3 Rfd8 17. Ne2 Rc7 18. d4 e4 19. Ne1 g5 20. Rc3 Rdc8 21. Rac1 Nd8 22. Rxc7 Rxc7 23. Rxc7 Qxc7 24. Qc3 Qd6 25. Nc2 Ndc6 26. Qd2 b5 27. Nc1 h5 28. Nb3 h4 29. Nc5 Bc8 30. Nb4 Ne5 31. dxe5 Qxc5 32. exf6+ Kxf6 33. Nc2 hxg3 34. hxg3 Nc6 35. Bf1 b4 36. a3 a5 37. axb4 axb4 38. Nd4 Ne5 39. Be2 g4 40. Kg2 Nf3 41. Qd1 Qc7 42. Bxf3 gxf3+ 43. Kg1 Qc4 44. Nc2 Ba6 45. Qd4+ Ke7 46. Qxc4 dxc4 47. Nxb4 Bc8 48. Kf1 Kd6 49. Ke1 Kc5 50. Na2 Bf5 51. Kd2 Be6 52. Kc3 Bd5 53. Nb4 Be6 54. Nc2 Bd7 55. Nd4 Bc8 56. Nc2 Bd7 57. Na3 Be6 58. g4 Bxg4 59. Nxc4 Bc8 60. Nd2 Kd5 61. b3 Ba6 62. b4 Be2 63. Nb3 Bd3 64. Nd4 Bf1 65. Nf5 Bd3 66. Ne7+ Kd6 67. Ng6 Ba6 68. Kd4 Bb7 69. Ne5 Ba8 70. Nc4+ Ke6 71. b5 Kf5 72. Nd6+ Kg4 73. Nxe4 Kh3 74. Nc3 Kg2 75. Nd1 Kf1 76. b6 Ke2 77. e4 Kxd1 78. Ke3 Kc2 79. e5 Bd5 80. e6 Kc3 81. e7 Bc6 82. b7 1-0

[Event "Wch Blitz"]
[Site "Warsaw"]
[Date "2021.12.29"]
[Round "7"]
[White "Donchenko, Alexander"]
[Black "Anton Guijarro, David"]
[Result "1-0"]
[WhiteElo "2636"]
[BlackElo "2693"]
[PlyCount "117"]
[EventDate "2021.12.29"]
[EventType "swiss (blitz)"]
[EventRounds "21"]
[EventCountry "POL"]
[SourceTitle "CBM 205 Extra"]
[Source "ChessBase"]
[SourceDate "2022.01.31"]
[SourceVersion "1"]
[SourceVersionDate "2022.01.31"]
[SourceQuality "1"]

1. Nf3 d5 2. g3 g6 3. c4 dxc4 4. Na3 Bg7 5. Nxc4 Nc6 6. Bg2 e5 7. d3 Nge7 8. h4 h6 9. Bd2 a5 ({RR} 9... Be6 10. Rc1 a5 11. Bc3 f6 12. b3 O-O 13. O-O Qd7 14. Qc2 Rfd8 15. Rfd1 Nf5 16. Ncd2 Qf7 17. Ne4 b6 18. e3 Rac8 19. d4 exd4 20. exd4 Bd5 21. Re1 Nce7 22. Bb2 Nc6 23. Bc3 Re8 24. Ned2 {Anton Guijarro,D (2681)-Grischuk,A (2777) Chess.com INT 2020 0-1 (76)}) 10. Bc3 f6 11. O-O Be6 12. b3 $146 ({RR} 12. Qb3 O-O 13. Rfd1 a4 14. Qc2 b5 15. Ne3 b4 16. Be1 b3 17. Qc5 Qd6 18. Qc1 bxa2 19. Nc4 Qc5 20. Bd2 Rfd8 21. Rxa2 e4 22. Be3 Qb5 23. Ne1 exd3 24. exd3 Rab8 25. Qa1 Ra8 26. Qc1 Rab8 {Mohammad,N (2430)-Kukelko,A (2303) Thessaloniki GRE 2023 ½-½}) 12... Qd7 13. Qc2 Nd5 14. Bb2 Ndb4 15. Qb1 O-O 16. a3 Nd5 17. Rd1 b5 18. Ncd2 f5 19. Qc2 Rac8 20. Rac1 Nd4 21. Nxd4 exd4 22. Qc5 Nc3 23. Bxc3 dxc3 24. Rxc3 Bxc3 25. Qxc3 Bd5 26. Nf3 c5 27. Ne5 Qe6 28. Bxd5 Qxd5 29. Nxg6 Rfe8 30. Qh8+ Kf7 31. Qh7+ Kf6 32. Nf4 Qf7 33. Qxh6+ Ke7 34. d4 Red8 35. d5 Rd6 36. Ne6 c4 37. bxc4 bxc4 38. Qg5+ Qf6 39. Qe3 c3 40. Rc1 Kf7 41. Qa7+ Kg6 42. Nf4+ Kh6 43. Qxa5 c2 44. Qd2 Qc3 45. Qxc3 Rxc3 46. Kf1 Rb6 47. Ke1 Rb2 48. Kd2 Rxa3 49. Rxc2 Rxc2+ 50. Kxc2 Kg7 51. Kd2 Kf6 52. e3 Ke5 53. Ke2 Ke4 54. f3+ Ke5 55. h5 Ra2+ 56. Kf1 Ra3 57. h6 Ra6 58. h7 Rh6 59. h8=Q+ 1-0

[Event "Wch Blitz"]
[Site "Warsaw"]
[Date "2021.12.29"]
[Round "11"]
[White "Gajewski, Grzegorz"]
[Black "Movsesian, Sergei"]
[Result "1-0"]
[WhiteElo "2589"]
[BlackElo "2608"]
[PlyCount "49"]
[EventDate "2021.12.29"]
[EventType "swiss (blitz)"]
[EventRounds "21"]
[EventCountry "POL"]
[SourceTitle "CBM 205 Extra"]
[Source "ChessBase"]
[SourceDate "2022.01.31"]
[SourceVersion "1"]
[SourceVersionDate "2022.01.31"]
[SourceQuality "1"]

1. Nf3 d5 2. g3 c6 3. Bg2 Bg4 4. d3 Nd7 5. O-O Ngf6 6. h3 Bh5 7. c4 e6 8. cxd5 exd5 ({RR} 8... cxd5 9. Nc3 Bc5 10. Bg5 h6 11. Bxf6 Nxf6 12. b4 Be7 13. g4 Bg6 14. Qa4+ Kf8 15. Rac1 Bh7 16. e4 g5 17. exd5 exd5 18. Ne5 Qd6 19. d4 Kg7 20. Qb5 Qxb4 21. Qxb4 Bxb4 22. Nxd5 Nxd5 23. Bxd5 {Laurent,J (2197)-Lemmers,O (2349) Belgium BEL 2025 ½-½ (42)}) 9. e4 ({RR} 9. Nc3 Bc5 10. Qb3 Bb6 11. Na4 O-O 12. Nxb6 axb6 13. Qc2 Re8 14. b3 Nc5 15. Bb2 Bxf3 16. Bxf3 Ne6 17. Bg2 d4 18. a4 Qd7 19. Rae1 Nd5 20. Qc4 Ndc7 21. h4 b5 22. axb5 Nxb5 23. Ra1 Rad8 {Bai,J (2618)-Movsesian,S (2641) Chess.com INT 2020 ½-½ (42)}) 9... dxe4 10. dxe4 Nc5 11. e5 $146 ({RR} 11. Nc3 Be7 12. Qxd8+ Rxd8 13. Nh4 Bg6 14. Nxg6 hxg6 15. Be3 O-O 16. Rfd1 Nd3 17. Bf1 Nc5 18. f3 Nfd7 19. b4 Ne6 20. a3 Bf6 21. Rac1 Nb6 22. Rxd8 Rxd8 23. f4 Bd4 24. Kf2 g5 25. f5 Bxe3+ {Dragun,K (2557)-Pacan Milej,K (2421) Warsaw 2021 1-0 (66)}) ({RR} 11. Nc3 Qxd1 12. Rxd1 Be7 13. g4 Bg6 14. Nh4 Nfxe4 15. Nxe4 Bxe4 16. Bxe4 Bxh4 17. Bg2 Ne6 18. Be3 Ke7 19. f4 Rhd8 20. f5 Bg5 21. Re1 {1-0 (21) Tomashevsky,E (2758)-Bogdanovich,S (2590) Berlin 2015}) 11... Qxd1 12. Rxd1 Nd5 13. Nc3 Nxc3 14. bxc3 Be7 15. Be3 Rd8 16. Rxd8+ Kxd8 17. Nd4 Bg6 18. Bxc6 Kc7 19. Bg2 a6 20. f4 Bd3 21. Bd5 f6 22. Rd1 Rd8 23. Rxd3 Rxd5 24. Nb5+ Kc6 25. Na7+ 1-0

[Event "Wch Blitz"]
[Site "Warsaw"]
[Date "2021.12.29"]
[Round "12"]
[White "Amin, Bassem"]
[Black "Kravtsiv, Martyn"]
[Result "1-0"]
[WhiteElo "2680"]
[BlackElo "2604"]
[PlyCount "137"]
[EventDate "2021.12.29"]
[EventType "swiss (blitz)"]
[EventRounds "21"]
[EventCountry "POL"]
[SourceTitle "CBM 205 Extra"]
[Source "ChessBase"]
[SourceDate "2022.01.31"]
[SourceVersion "1"]
[SourceVersionDate "2022.01.31"]
[SourceQuality "1"]

1. Nf3 d5 2. g3 c5 3. Bg2 Nf6 4. O-O Nc6 5. d3 e5 6. e4 dxe4 7. dxe4 Qxd1 8. Rxd1 Bg4 9. c3 Be7 ({RR} 9... Nxe4 10. Re1 O-O-O 11. Na3 Nf6 12. Nc4 Be6 13. Nfxe5 Nxe5 14. Nxe5 Bd6 15. f4 Rhe8 16. Be3 Ng4 17. Nxg4 Bxg4 18. Kf2 Kc7 19. Bd5 Re7 20. c4 b6 21. Bd2 Rdd7 22. Bc3 f6 23. Rxe7 Rxe7 24. Re1 {Skoberne,J (2555)-Predojevic,B (2640) Austria 2017 ½-½}) ({RR} 9... Nxe4 10. Re1 f5 11. h3 Bxf3 12. Bxf3 O-O-O 13. Na3 Bd6 14. Bxe4 fxe4 15. Bg5 Rd7 16. Rxe4 h6 17. Be3 b6 18. Nc4 Bc7 19. a4 Rhd8 20. Kg2 Rd1 21. Rxd1 Rxd1 22. Kf3 Ra1 23. Kg4 Kd8 24. Kf5 {Sai,K (2365)-Thorhallsson,S (2232) chess.com INT 2025 0-1}) ({RR} 9... Nxe4 10. Re1 f5 11. Nh4 O-O-O 12. f3 g5 13. fxg4 gxh4 14. gxf5 Nf6 15. Bg5 Bg7 16. Bxh4 Rhe8 17. Bxc6 bxc6 18. Na3 Rd3 19. Nc4 e4 20. Rad1 Red8 21. Rxd3 exd3 22. Re6 Rf8 23. Rxc6+ Kb8 24. Rd6 {Amin,B (2629)-Eldesoky,H (2318) Cairo 2014 1-0 (52)}) 10. h3 Be6 $146 ({RR} 10... Bh5 11. Re1 O-O 12. Na3 a6 13. Nc4 Bxf3 14. Bxf3 b5 15. Ne3 Ra7 16. Nd5 Rd8 17. Nxe7+ Nxe7 18. Be3 Nd7 19. Rad1 Nc6 20. Rd6 Rc7 21. Red1 Kf8 22. Bg4 Ke7 23. Bxd7 Rdxd7 24. Bxc5 Ke8 25. Kf1 {Koszela,S (1951)-Hebel,A Wisla 2007 1-0 (40)}) 11. Nh4 Rd8 12. Rxd8+ Bxd8 13. Nf5 O-O 14. Na3 Bc7 15. Be3 b6 16. Bg5 Rd8 17. Bf1 Bxf5 18. exf5 Ne7 19. g4 h6 20. Bxf6 gxf6 21. Bg2 Kf8 22. Kf1 Nc8 23. Nc4 b5 24. Ne3 Nb6 25. Ke2 c4 26. Bc6 a6 27. Bb7 a5 28. Ba6 b4 29. cxb4 axb4 30. Bxc4 Bd6 31. Rd1 Ke7 32. Bb3 Bc7 33. Rxd8 Bxd8 34. Nc2 Kd6 35. Nxb4 Kc5 36. Nc2 Bc7 37. Bxf7 Na4 38. b4+ Kd6 39. Kd2 e4 40. Ne3 Ke5 41. Bb3 Nb6 42. a4 Kd4 43. Nc2+ Ke5 44. a5 Nc8 45. Ne3 Kd4 46. Nd5 Bd8 47. a6 Na7 48. Nf4 Be7 49. Ne6+ Ke5 50. Kc3 Nb5+ 51. Kc4 Na3+ 52. Kc3 Nb5+ 53. Kb2 Bxb4 54. Ba4 Na7 55. Bd1 Be1 56. f3 e3 57. Kc2 Nc6 58. Kd3 Bd2 59. f4+ Kd6 60. Kc4 Na7 61. Bf3 Bc1 62. h4 Bd2 63. g5 fxg5 64. fxg5 hxg5 65. hxg5 Ke7 66. g6 Kf6 67. g7 Kf7 68. Bh5+ Kg8 69. f6 1-0

[Event "Wch Blitz"]
[Site "Warsaw"]
[Date "2021.12.30"]
[Round "13"]
[White "Demidov, Mikhail"]
[Black "Bologan, Viktor"]
[Result "1-0"]
[WhiteElo "2556"]
[BlackElo "2574"]
[PlyCount "17"]
[EventDate "2021.12.29"]
[EventType "swiss (blitz)"]
[EventRounds "21"]
[EventCountry "POL"]
[SourceTitle "CBM 205 Extra"]
[Source "ChessBase"]
[SourceDate "2022.01.31"]
[SourceVersion "1"]
[SourceVersionDate "2022.01.31"]
[SourceQuality "1"]

1. Nf3 Nf6 2. g3 b6 3. Bg2 Bb7 4. O-O c5 5. c3 ({RR} 5. a3 g6 6. b4 Bg7 7. Bb2 O-O 8. c4 d6 9. d3 Na6 10. Qb3 Nc7 11. Rd1 Ne6 12. Nbd2 Qc7 13. e3 Rfe8 14. Rac1 Nf8 15. d4 cxd4 16. exd4 e5 17. dxe5 dxe5 18. c5 Bd5 19. Qa4 bxc5 {Nakamura,H (2788)-Iturrizaga Bonelli,E (2600) chess.com INT 2024 1-0 (60)}) 5... e6 6. c4 $146 ({RR} 6. d3 Be7 7. e4 d6 8. Na3 Nbd7 9. h3 a6 10. b3 O-O 11. Nc2 Qc7 12. Bf4 Ne5 13. g4 Rfd8 14. Bg3 b5 15. Nfe1 c4 16. bxc4 bxc4 17. d4 Ng6 18. Qe2 e5 19. g5 Nd7 20. Qg4 Ndf8 {Vogiatzis,J (2036)-Lang,S (2269) Forchheim 2003 0-1 (40)}) 6... Be7 7. Nc3 d5 8. d3 dxc4 9. Qa4+ 1-0

[Event "Wch Blitz"]
[Site "Warsaw"]
[Date "2021.12.30"]
[Round "13"]
[White "Petrosian, Tigran L"]
[Black "Niemann, Hans Moke"]
[Result "1-0"]
[WhiteElo "2573"]
[BlackElo "2645"]
[PlyCount "55"]
[EventDate "2021.12.29"]
[EventType "swiss (blitz)"]
[EventRounds "21"]
[EventCountry "POL"]
[SourceTitle "CBM 205 Extra"]
[Source "ChessBase"]
[SourceDate "2022.01.31"]
[SourceVersion "1"]
[SourceVersionDate "2022.01.31"]
[SourceQuality "1"]

1. Nf3 d5 2. g3 Nc6 3. Bg2 e5 4. d3 Bg4 5. c3 ({RR} 5. a3 Qd7 6. b4 Bh3 7. Bxh3 Qxh3 8. b5 Nd4 9. Nxd4 exd4 10. Bb2 Qg2 11. Rf1 Qxh2 12. Nd2 Qh3 13. Bxd4 Qd7 14. Qb1 Ne7 15. Qb2 Nf5 16. Rh1 f6 17. a4 a6 18. Kf1 axb5 19. axb5 Rxa1+ {Tischbierek,R (2521)-Sax,G (2563) Montecatini Terme 2000 ½-½}) 5... a5 $146 ({RR} 5... Qd7 6. b4 a6 7. Nbd2 f5 8. h3 Bh5 9. O-O e4 10. Ne1 e3 11. fxe3 Bd6 12. Nb3 Nf6 13. Nc5 Qc8 14. e4 b6 15. exd5 bxc5 16. dxc6 cxb4 17. cxb4 Bxg3 18. Bf4 Bxf4 19. Rxf4 O-O 20. Qd2 {Scherer,R (2180)-Fritsche,L (2325) Germany 2006 ½-½ (92)}) ({RR} 5... Qd7 6. h3 Bf5 7. Nbd2 h5 8. e4 dxe4 9. dxe4 Bg6 10. Qe2 O-O-O 11. Nc4 f6 12. O-O Qd3 13. Qxd3 Rxd3 14. Ne1 Rd1 15. Nc2 Rxf1+ 16. Kxf1 Bf7 17. N2e3 g6 18. Nd5 Nce7 19. Nce3 c6 20. Nb4 {Fudalej,M (2188)-Reprintsev,A (2230) chess.com INT 2024 0-1 (70)}) 6. O-O h6 7. Nbd2 Nf6 8. e4 dxe4 9. dxe4 a4 10. Qe2 Bd6 11. h3 Be6 12. Nh4 O-O 13. Nc4 Bc5 14. Ne3 Na5 15. Rd1 Nd7 16. Nhf5 Kh7 17. Ng4 Bxf5 18. exf5 Qe7 19. Bxh6 Rfd8 20. Rxd7 Rxd7 21. Bxg7 f6 22. Bxf6 Qf8 23. Nxe5 Qxf6 24. Nxd7 Qd6 25. Qh5+ Kg8 26. Nxc5 Qxc5 27. Qg6+ Kh8 28. f6 1-0